000 00736nam a2200205Ii 4500
003 JO-AjNU
008 230605s9999||||xx |||||||||||||| ||und||
040 _aJO-AjNU
_bara
_erda
_cJO-AjNU
041 _aara
050 1 4 _aHF5437.M33 2015
100 3 _aإعداد وترجمة توفيق، ماهر عبد العزيز,
_eauthor
_951221
245 0 0 _aإدارة الشراء والتخزين في الفنادق
250 _aط1
264 3 1 _aعمان: دار زهران للنشر والتوزيع، 2015
300 _a279ص
336 _atext
_btxt
_2rdacontent
337 _aunmediated
_bn
_2rdamedia
338 _avolume
_bnc
_2rdacarrier
650 4 _aالفنادق - ادارة - ادار الشراء والتخزين
_951222
999 _aA22611
_c26179
_d26179